| 000 | 00608nam a22001817a 4500 | ||
|---|---|---|---|
| 003 | CEME | ||
| 005 | 20210628203220.0 | ||
| 008 | 210203b xxu||||| |||| 00| 0 eng d | ||
| 020 | _a0768005273 | ||
| 040 | _c. | ||
| 082 | _a629.234 MOU | ||
| 100 |
_aMouradian, George _964037 |
||
| 245 | _aHandbook of qs-9000 , tooling and equipment certification | ||
| 260 |
_aLONDON _bNEWNES BUTTEROWRTH _c2000 |
||
| 300 | _aVIII, 241P | ||
| 650 |
_aQS-9000 TOOLING AND EQUIPMENT CERTIFICATION.QS-9000(STANDARD). INDUSTRIAL EQUIPMENT-CERTIFICATION. MACHINE TOOLS-DESIGN AND CONSTRUCTION. , _964038 |
||
| 942 |
_cBK _2ddc |
||
| 999 |
_c572683 _d572683 |
||